[Event "Algiers op 3rd"]
[Site "Algiers"]
[Date "2015.02.23"]
[Round "3"]
[White "Saoudi, Mohamed Lamine"]
[Black "Saim, Mohamed Ilias"]
[Result "0-1"]
[WhiteElo "1955"]
[BlackElo "2088"]
[PlyCount "58"]
[EventDate "2015.02.22"]
[EventType "swiss"]
[EventRounds "9"]
[EventCountry "ALG"]
[SourceTitle "CBM 165 Extra"]
[Source "ChessBase"]
[SourceDate "2015.04.21"]
[SourceVersion "1"]
[SourceVersionDate "2015.04.21"]
[SourceQuality "1"]

1. e4 d6 2. d4 Nf6 3. Bd3 e5 4. d5 Nbd7 5. f3 g6 6. Be3 Bg7 7. Ne2 Nc5 8. 0-0 0-0 9. Qd2 Nh5 10. g4 Nf4 11. Nbc3 Ncxd3 12. cxd3 Nxe2+ 13. Nxe2 f5 14. exf5 gxf5 15. gxf5 Bxf5 16. Bg5 Qe8 17. Kh1 Qf7 18. Rg1 Qxd5 19. Rg3 Qxd3 20. Qe1 Bg6 21. Rd1 Qf5 22. Qb4 Kh8 23. Qh4 Bf6 24. Bxf6+ Qxf6 25. Qh6 Bc2 26. Qd2 Bxd1 27. Qxd1 Rg8 28. Rh3 Qf5 29. Qf1 Raf8 0-1